Christmas Quiz Stats

 Plays Quiz not verified by Sporcle

Also try: Musical by Lyrics
Challenge
Share
Tweet
Embed
Score 0/12 Timer 08:00
0 Plays Today
Hint Answer % Correct
Its the most wonderful time ...Of the year
89.3%
What do you wrap up? Presents
88%
who was born on christmas day Jesus
70.7%
what do you eat on christmas day Turkey
68%
What do you drink on christmas dayeggnog
57.3%
What do you deck the halls with?Holly
54.7%
Rudolphs dad?Donner
38.7%
What day is christmas on25th december
29.3%
On the twelth day of christmas...My true love gave to me
28%
Who let the dogs out who who who who
10.7%
All i want for chistmas is...YOUUUUUU
4%
What is the best christmas songSanta claus is coming to town
2.7%

You're not logged in!

Compare scores with friends on all Sporcle quizzes.
Join for Free
OR
Log In

You Might Also Like...

Show Comments

Extras

Top Quizzes Today


Score Distribution

Your Account Isn't Verified!

In order to create a playlist on Sporcle, you need to verify the email address you used during registration. Go to your Sporcle Settings to finish the process.

Report this User

Report this user for behavior that violates our Community Guidelines.

Details: